000 00431nam a2200193Ia 4500
003 OSt
005 20251105105130.0
008 250729s2003 xx 000 0 und d
020 _a9781859963258
040 _cAL
041 _aeng
082 _a574.2 JURA
100 _aJurd D Richard
_9223902
245 _aAnimal biology
260 _aNew Delhi
_c2003
300 _a294p
650 _aBiology
_9223903
942 _2ddc
_cBED
999 _c236138
_d236138